al-Ḥall al-awḥad / (Record no. 46798)

MARC details
000 -LEADER
fixed length control field 00620cam a22002051a 4500
001 - CONTROL NUMBER
control field ne 64000665
003 - CONTROL NUMBER IDENTIFIER
control field DLC
005 - DATE AND TIME OF LATEST TRANSACTION
control field 20260227111757.0
008 - FIXED-LENGTH DATA ELEMENTS--GENERAL INFORMATION
fixed length control field 920219s1963 ua 000 0 ara c
010 ## - LIBRARY OF CONGRESS CONTROL NUMBER
LC control number ne 64000665
035 ## - SYSTEM CONTROL NUMBER
System control number (OCoLC)25301088
040 ## - CATALOGING SOURCE
Original cataloging agency Princeton Univ. Libr. for DLC
Transcribing agency MWalB
Modifying agency MWalB
-- DLC
042 ## - AUTHENTICATION CODE
Authentication code premarc
050 00 - LIBRARY OF CONGRESS CALL NUMBER
Classification number DS79.8
Item number .R5
100 1# - MAIN ENTRY--PERSONAL NAME
Personal name Rikābī, Fuʼād.
245 13 - TITLE STATEMENT
Title al-Ḥall al-awḥad /
Statement of responsibility, etc. bi-qalam Fuʼād al-Rikābī.
260 ## - PUBLICATION, DISTRIBUTION, ETC.
Place of publication, distribution, etc. [al-Qāhirah :
Name of publisher, distributor, etc. al-Shirakat al-ʻArabīyah lil-Ṭibāʻah wa-al-Nashr,
Date of publication, distribution, etc. 1963]
300 ## - PHYSICAL DESCRIPTION
Extent 120 p. ;
Dimensions 20 cm.
651 #0 - SUBJECT ADDED ENTRY--GEOGRAPHIC NAME
Geographic name Iraq
General subdivision History.

No items available.

Powered by Koha